000 00677nam a2200205 i 4500
001 95342
003 ES-MaACL
005 20251019063050.0
007 t|
008 050526s1972 cl ||||1| spa d
100 1 _aVan Lysebeth, André,
_d1920-2004
_9173805
245 1 0 _aPranayama
_b: a la serenidad por el yoga /
_cAndré van Lysebeth; prólogo de Jean Herbert; [traductor: Sergio Tapia].
250 _a[1ª ed.].
260 _aSantiago de Chile :
_bPomaire,
_c1972.
300 _a327 p., 3 lám. :
_bil. ;
_c23 cm.
700 1 _aHerbert, Jean.
_962657
700 1 _aTapia, Sergio.
_9109231
852 _aES-MaACL
_jC-44087
_bR.83959
999 _c95342
_d95342